[Event "I Festival Cidade Maravilhosa"]
[Site "Rio de Janeiro BRA"]
[Date "2009.02.14"]
[Round "6.2"]
[White "Fernando, Diogo"]
[Black "Mascarenhas, Alberto Pinheiro"]
[Result "1-0"]
[WhiteElo "2482"]
[BlackElo "2228"]
[PlyCount "149"]
[EventDate "2009.02.09"]
[EventType "tourn"]
[EventRounds "9"]
[EventCountry "BRA"]
[EventCategory "2"]
[Source "lmi"]
[SourceDate "2009.02.09"]

1. e4 e6 2. d4 d5 3. Nd2 c5 4. Ngf3 Nc6 5. exd5 exd5 6. Bb5 Bd6 7. O-O Nge7 8.
dxc5 Bxc5 9. Nb3 Bd6 10. Bg5 O-O 11. Bh4 Qc7 12. Bg3 Bxg3 13. hxg3 Bg4 14. c3
Rad8 15. Be2 Rfe8 16. Re1 h6 17. Qd2 a6 18. Rad1 Ng6 19. Nbd4 Na5 20. Qc2 Nc4
21. Rb1 Nge5 22. Nxe5 Nxe5 23. Bd3 Nxd3 24. Qxd3 Qc4 25. Qxc4 dxc4 26. f3 Bc8
27. Kf2 Kf8 28. g4 Rd6 29. Rxe8+ Kxe8 30. Kg3 Ke7 31. Re1+ Kd8 32. Kf4 Bd7 33.
Re2 Bc8 34. Ke5 Ke7 35. Rd2 f6+ 36. Kf4 Kf7 37. Re2 Rb6 38. Kg3 Kf8 39. f4 g6
40. Kf3 Kf7 41. f5 g5 42. g3 Rd6 43. Rh2 Kg7 44. Ke4 b6 45. Ke3 Bd7 46. b4 Rd5
47. Kf3 Rd6 48. Ke4 Bc8 49. a4 Bb7+ 50. Ke3 Bc8 51. Rd2 Kf7 52. b5 axb5 53.
axb5 Bd7 54. Rh2 Kg7 55. Ke4 Bc8 56. Ra2 Rd7 57. Kf3 Rc7 58. Rd2 Kf7 59. Rh2
Kg7 60. Ra2 Kf7 61. Ra4 Bb7+ 62. Ke3 Bd5 63. Ra6 Re7+ 64. Kf2 Rb7 65. Ra8 Be4
66. Rh8 Kg7 67. Re8 Bd5 68. Rd8 Bf7 69. Rd6 Be8 70. Kf3 Bd7 71. Ne6+ Bxe6 72.
fxe6 Kf8 73. Rc6 Ke7 74. Ke4 Rb8 75. Kf5 1-0

[Event "I Festival Cidade Maravilhosa"]
[Site "Rio de Janeiro BRA"]
[Date "2009.02.14"]
[Round "6.4"]
[White "Santos Filho, Tadeu Sousa"]
[Black "Perdomo, Leandro"]
[Result "0-1"]
[WhiteElo "2092"]
[BlackElo "2387"]
[PlyCount "104"]
[EventDate "2009.02.09"]
[EventType "tourn"]
[EventRounds "9"]
[EventCountry "BRA"]
[EventCategory "2"]
[Source "lmi"]
[SourceDate "2009.02.09"]

1. e4 e5 2. Nf3 Nc6 3. d4 exd4 4. Nxd4 Qf6 5. Nxc6 Bc5 6. Qd2 dxc6 7. Nc3 Be6
8. Bd3 O-O-O 9. Na4 Bd6 10. Qa5 Kb8 11. Bg5 Qd4 12. Bd2 b6 13. Bc3 Qxd3 14.
cxd3 bxa5 15. Bxg7 Ne7 16. Bxh8 Rxh8 17. Ke2 h5 18. Ke3 Rg8 19. g3 f6 20. f4 h4
21. Kf3 Bg4+ 22. Kf2 Rh8 23. d4 Nc8 24. Rac1 Re8 25. e5 Be7 26. Rxc6 Bd7 27.
Rc4 Bb5 28. b3 Bxc4 29. bxc4 f5 30. c5 Rd8 31. Ke3 Rg8 32. Kf3 Rd8 33. Rd1 c6
34. g4 fxg4+ 35. Kxg4 Rg8+ 36. Kh3 Rf8 37. Kg4 Rg8+ 38. Kh3 Bd8 39. f5 Ne7 40.
Rf1 Kc8 41. Nc3 Kd7 42. Ne4 Nd5 43. f6 Ke6 44. Kxh4 Ne3 45. Ng5+ Rxg5 46. Kxg5
Nxf1 47. h4 Ng3 48. h5 Ne4+ 49. Kg6 Nxf6 50. h6 Nd7 51. Kg7 Nxe5 52. dxe5 Bc7
0-1

[Event "I Festival Cidade Maravilhosa"]
[Site "Rio de Janeiro BRA"]
[Date "2009.02.14"]
[Round "6.5"]
[White "Brito, Luismar"]
[Black "Maia, Marco Aurelio F"]
[Result "1-0"]
[WhiteElo "2327"]
[BlackElo "2135"]
[PlyCount "71"]
[EventDate "2009.02.09"]
[EventType "tourn"]
[EventRounds "9"]
[EventCountry "BRA"]
[EventCategory "2"]
[Source "lmi"]
[SourceDate "2009.02.09"]

1. e4 c6 2. d4 d5 3. Nd2 dxe4 4. Nxe4 Bf5 5. Ng3 Bg6 6. h4 h6 7. Nf3 Nd7 8. h5
Bh7 9. Bd3 Bxd3 10. Qxd3 e6 11. Bf4 Qa5+ 12. Bd2 Bb4 13. Ne4 Bxd2+ 14. Nfxd2 b5
15. c4 Ngf6 16. Nd6+ Kf8 17. c5 e5 18. O-O exd4 19. Qxd4 Qa4 20. b4 Nd5 21. a3
Qc2 22. Rfc1 Qh7 23. Nxb5 Qf5 24. Nc7 Nxc7 25. Qd6+ Kg8 26. Qxc7 Ne5 27. Re1
Nd3 28. Re2 Nf4 29. Re4 Nd3 30. Qg3 Rd8 31. Rf1 Kh7 32. Qe3 Qxh5 33. Nc4 Qg5
34. f4 Qd5 35. Nd6 f5 36. Rd4 1-0

[Event "I Festival Cidade Maravilhosa"]
[Site "Rio de Janeiro BRA"]
[Date "2009.02.16"]
[Round "7.1"]
[White "Maia, Marco Aurelio F"]
[Black "Guimaraes, Wagner Peixoto"]
[Result "0-1"]
[WhiteElo "2135"]
[BlackElo "2253"]
[PlyCount "60"]
[EventDate "2009.02.09"]
[EventType "tourn"]
[EventRounds "9"]
[EventCountry "BRA"]
[EventCategory "2"]
[Source "lmi"]
[SourceDate "2009.02.09"]

1. d4 Nf6 2. c4 e6 3. Nc3 Bb4 4. e3 O-O 5. Bd3 c5 6. Nf3 d5 7. O-O Nc6 8. a3
Bxc3 9. bxc3 dxc4 10. Bxc4 Qc7 11. Bd3 e5 12. Qc2 Re8 13. Ng5 h6 14. Ne4 Nxe4
15. Bxe4 c4 16. Bb2 Ne7 17. dxe5 Qxe5 18. Rad1 Nf5 19. Bd5 Be6 20. e4 Ne7 21.
f4 Qc7 22. f5 Bxd5 23. exd5 Rad8 24. Rfe1 Qb6+ 25. Kh1 Nxd5 26. Rxe8+ Rxe8 27.
Qa4 Qc6 28. Qxa7 Ne3 29. Rd2 Nxg2 30. Kg1 Nh4 0-1

[Event "I Festival Cidade Maravilhosa"]
[Site "Rio de Janeiro BRA"]
[Date "2009.02.16"]
[Round "7.2"]
[White "Perdomo, Leandro"]
[Black "Brito, Luismar"]
[Result "0-1"]
[WhiteElo "2387"]
[BlackElo "2327"]
[PlyCount "88"]
[EventDate "2009.02.09"]
[EventType "tourn"]
[EventRounds "9"]
[EventCountry "BRA"]
[EventCategory "2"]
[Source "lmi"]
[SourceDate "2009.02.09"]

1. d4 c5 2. d5 Nf6 3. c4 g6 4. Nf3 d6 5. Nc3 Bg7 6. e4 Nbd7 7. Be2 b5 8. e5
dxe5 9. cxb5 O-O 10. O-O Ne8 11. Be3 Nd6 12. a4 a6 13. Qb3 Qa5 14. Qa3 Qb4 15.
Ne1 e4 16. Nc2 Qxa3 17. Rxa3 Bb7 18. Rd1 Rfc8 19. Rb3 Ne5 20. b6 Nd3 21. Bxd3
exd3 22. Na3 c4 23. Rb4 a5 24. Rb5 Nxb5 25. Naxb5 Rd8 26. Bg5 Kf8 27. Re1 Rd7
28. Kf1 h6 29. Bh4 Ra6 30. d6 e6 31. f4 Rxb6 32. Bf2 Rc6 33. g4 Ke8 34. f5
Rdxd6 35. Nxd6+ Rxd6 36. Bc5 Rc6 37. Ne4 Ba6 38. f6 Bf8 39. Bxf8 Kxf8 40. Kf2
Rb6 41. Rb1 Bb7 42. Nc3 e5 43. Ke3 Rxf6 44. Kd2 e4 0-1

[Event "I Festival Cidade Maravilhosa"]
[Site "Rio de Janeiro BRA"]
[Date "2009.02.16"]
[Round "7.3"]
[White "Rego, Vinicius Vilela de "]
[Black "Santos Filho, Tadeu Sousa"]
[Result "0-1"]
[WhiteElo "2227"]
[BlackElo "2092"]
[PlyCount "86"]
[EventDate "2009.02.09"]
[EventType "tourn"]
[EventRounds "9"]
[EventCountry "BRA"]
[EventCategory "2"]
[Source "lmi"]
[SourceDate "2009.02.09"]

1. d4 e6 2. Nf3 f5 3. c4 d5 4. Nc3 c6 5. Bf4 Nf6 6. e3 Bd6 7. Bxd6 Qxd6 8. c5
Qe7 9. Ne5 Nbd7 10. f4 O-O 11. Bd3 Kh8 12. O-O Rg8 13. Nf3 Nf8 14. b4 Bd7 15.
a4 Be8 16. Qe1 Bh5 17. Ne5 g5 18. b5 Rc8 19. a5 gxf4 20. exf4 Ne4 21. Bxe4 dxe4
22. bxc6 bxc6 23. Qf2 Nd7 24. Nc4 Bf3 25. Ne3 Rxg2+ 26. Nxg2 Rg8 27. Ne2 Bxg2
28. Rfb1 Bf3+ 29. Ng3 Qh4 30. Rb7 Nf6 31. d5 Qxf4 32. Re1 e5 33. dxc6 Ng4 34.
Qa2 Nxh2 35. Qxg8+ Kxg8 36. Rb8+ Kf7 37. Rb7+ Ke6 38. Rg7 Ng4 39. Nf1 Qh6 40.
Rxg4 fxg4 41. c7 Qh1+ 42. Kf2 Qg2+ 43. Ke3 Kd7 0-1

[Event "I Festival Cidade Maravilhosa"]
[Site "Rio de Janeiro BRA"]
[Date "2009.02.16"]
[Round "7.5"]
[White "Galego, Luis"]
[Black "Fernando, Diogo"]
[Result "1/2-1/2"]
[WhiteElo "2494"]
[BlackElo "2482"]
[PlyCount "23"]
[EventDate "2009.02.09"]
[EventType "tourn"]
[EventRounds "9"]
[EventCountry "BRA"]
[EventCategory "2"]
[Source "lmi"]
[SourceDate "2009.02.09"]

1. e4 e5 2. Nf3 Nc6 3. Bb5 a6 4. Ba4 b5 5. Bb3 Nf6 6. O-O Be7 7. Re1 O-O 8. c3
Na5 9. Bc2 c5 10. d4 cxd4 11. cxd4 exd4 12. Nxd4 1/2-1/2

[Event "I Festival Cidade Maravilhosa"]
[Site "Rio de Janeiro BRA"]
[Date "2009.02.17"]
[Round "8.1"]
[White "Guimaraes, Wagner Peixoto"]
[Black "Fernando, Diogo"]
[Result "0-1"]
[WhiteElo "2253"]
[BlackElo "2482"]
[PlyCount "72"]
[EventDate "2009.02.09"]
[EventType "tourn"]
[EventRounds "9"]
[EventCountry "BRA"]
[EventCategory "2"]
[Source "lmi"]
[SourceDate "2009.02.09"]

1. e4 c5 2. Nf3 Nc6 3. d4 cxd4 4. Nxd4 Nf6 5. Nc3 d6 6. Bg5 e6 7. Qd2 Be7 8.
O-O-O Qb6 9. Nxc6 bxc6 10. Bc4 O-O 11. h4 Rb8 12. Bb3 c5 13. Bxf6 gxf6 14. Qh6
Kh8 15. e5 fxe5 16. Ne4 Rg8 17. Nf6 Rg7 18. Rh3 Qd8 19. Ne4 d5 20. c4 d4 21. f4
Bb7 22. Bc2 Bxe4 23. Bxe4 f5 24. Bc2 Rg6 25. Qh5 e4 26. g4 Qc7 27. Rf1 d3 28.
gxf5 exf5 29. Bb3 Qd7 30. Qd1 Rbg8 31. Qd2 Bf6 32. h5 Rg2 33. Rf2 Rg1+ 34. Bd1
Qd4 35. Re3 Qxc4+ 36. Kb1 Bd4 0-1

[Event "I Festival Cidade Maravilhosa"]
[Site "Rio de Janeiro BRA"]
[Date "2009.02.17"]
[Round "8.2"]
[White "Santos Filho, Tadeu Sousa"]
[Black "Mascarenhas, Alberto Pinheiro"]
[Result "1/2-1/2"]
[WhiteElo "2092"]
[BlackElo "2228"]
[PlyCount "24"]
[EventDate "2009.02.09"]
[EventType "tourn"]
[EventRounds "9"]
[EventCountry "BRA"]
[EventCategory "2"]
[Source "lmi"]
[SourceDate "2009.02.09"]

1. Nf3 Nf6 2. g3 g6 3. Bg2 Bg7 4. O-O O-O 5. d4 d5 6. Nbd2 Bg4 7. c4 e6 8. h3
Bxf3 9. Nxf3 c6 10. Bg5 h6 11. Bxf6 Bxf6 12. e3 Nd7 1/2-1/2

[Event "I Festival Cidade Maravilhosa"]
[Site "Rio de Janeiro BRA"]
[Date "2009.02.17"]
[Round "8.3"]
[White "Chauca, Jose"]
[Black "Galego, Luis"]
[Result "1/2-1/2"]
[WhiteElo "2173"]
[BlackElo "2494"]
[PlyCount "93"]
[EventDate "2009.02.09"]
[EventType "tourn"]
[EventRounds "9"]
[EventCountry "BRA"]
[EventCategory "2"]
[Source "lmi"]
[SourceDate "2009.02.09"]

1. e4 c5 2. Nf3 e6 3. d4 cxd4 4. Nxd4 a6 5. Bd3 Nf6 6. O-O Qc7 7. Qe2 d6 8. c4
Nbd7 9. Nf3 Be7 10. Nc3 O-O 11. h3 Rd8 12. Bg5 b6 13. Rac1 Bb7 14. Rfd1 Rac8
15. b4 h6 16. Be3 Qb8 17. a3 Re8 18. Nd2 Bd8 19. Qf1 Bc7 20. Re1 Ne5 21. Be2
Ng6 22. Bd4 Nd7 23. Be3 Bd8 24. Rc2 Bf6 25. Rec1 Qa8 26. Bd3 Nge5 27. Be2 g5
28. f3 Qb8 29. Qf2 Ba8 30. Na4 Rc6 31. b5 axb5 32. cxb5 Rxc2 33. Rxc2 Nc5 34.
Nxc5 dxc5 35. Nc4 Nxc4 36. Rxc4 Rd8 37. a4 Be5 38. Qe1 Bb7 39. a5 bxa5 40. Qxa5
Bd4 41. Bxd4 cxd4 42. Bd3 Rd7 43. Qb4 Qf4 44. Qe1 Kg7 45. Qc1 Qd6 46. Rc5 f6
47. Rc4 1/2-1/2

[Event "I Festival Cidade Maravilhosa"]
[Site "Rio de Janeiro BRA"]
[Date "2009.02.17"]
[Round "8.5"]
[White "Maia, Marco Aurelio F"]
[Black "Perdomo, Leandro"]
[Result "0-1"]
[WhiteElo "2135"]
[BlackElo "2387"]
[PlyCount "120"]
[EventDate "2009.02.09"]
[EventType "tourn"]
[EventRounds "9"]
[EventCountry "BRA"]
[EventCategory "2"]
[Source "lmi"]
[SourceDate "2009.02.09"]

1. d4 Nf6 2. Nf3 g6 3. Nbd2 Bg7 4. e4 d6 5. Bc4 O-O 6. Qe2 Nc6 7. c3 e5 8. dxe5
Nxe5 9. Nxe5 dxe5 10. Nf3 Qe7 11. Bg5 h6 12. Bh4 Be6 13. O-O Rfe8 14. Rfe1 Qc5
15. Bxe6 Rxe6 16. Bxf6 Bxf6 17. Red1 Qe7 18. Rd3 Rd8 19. Rxd8+ Qxd8 20. Rd1 Rd6
21. Rxd6 Qxd6 22. c4 Be7 23. b3 Kg7 24. g3 a5 25. Qd2 Qxd2 26. Nxd2 Bc5 27. g4
Kf6 28. Kg2 Ke6 29. Kf3 Bd4 30. Ke2 Kd6 31. f3 Kc5 32. Kd3 Kb4 33. Nb1 a4 34.
Kc2 Bg1 35. h3 Bd4 36. a3+ Kc5 37. bxa4 Kxc4 38. Nd2+ Kc5 39. Nb3+ Kd6 40. Na5
b6 41. Nc4+ Ke6 42. Kd3 Bc5 43. Kc3 Bf2 44. Kb3 Be1 45. Ne3 c6 46. Nc4 Bf2 47.
Kc3 Kf6 48. Kd3 Bc5 49. Kc2 b5 50. axb5 cxb5 51. Na5 Bxa3 52. Kb3 Bd6 53. Nc6
h5 54. Nd8 Bc7 55. Nc6 Kg5 56. Na7 Kh4 57. Nxb5 Bb8 58. Kc4 Kxh3 59. gxh5 gxh5
60. Kd3 Kg2 0-1

[Event "I Festival Cidade Maravilhosa"]
[Site "Rio de Janeiro BRA"]
[Date "2009.02.18"]
[Round "9.1"]
[White "Perdomo, Leandro"]
[Black "Guimaraes, Wagner Peixoto"]
[Result "1/2-1/2"]
[WhiteElo "2387"]
[BlackElo "2253"]
[PlyCount "67"]
[EventDate "2009.02.09"]
[EventType "tourn"]
[EventRounds "9"]
[EventCountry "BRA"]
[EventCategory "2"]
[Source "lmi"]
[SourceDate "2009.02.09"]

1. d4 Nf6 2. c4 e6 3. Nf3 b6 4. g3 Ba6 5. b3 Bb4+ 6. Bd2 Be7 7. Bg2 c6 8. O-O
O-O 9. Bc3 d5 10. Ne5 Nfd7 11. Nxd7 Nxd7 12. Nd2 b5 13. e4 dxc4 14. bxc4 Nb6
15. c5 Na4 16. Qc2 e5 17. d5 Bxc5 18. Bxe5 Rc8 19. Qb3 Qe7 20. Bf4 Bd4 21. Rae1
Bc3 22. Bh3 Rcd8 23. Rc1 Bxd2 24. Bxd2 Qxe4 25. Bb4 c5 26. Bxc5 Nxc5 27. Rxc5
Qd4 28. Rfc1 Rfe8 29. Bf1 Re1 30. Rxe1 Qxc5 31. Qe3 Qxe3 32. Rxe3 Kf8 33. Ra3
Bb7 34. Bg2 1/2-1/2

[Event "I Festival Cidade Maravilhosa"]
[Site "Rio de Janeiro BRA"]
[Date "2009.02.17"]
[Round "9.2"]
[White "Rego, Vinicius Vilela de "]
[Black "Maia, Marco Aurelio F"]
[Result "1/2-1/2"]
[WhiteElo "2227"]
[BlackElo "2135"]
[PlyCount "22"]
[EventDate "2009.02.09"]
[EventType "tourn"]
[EventRounds "9"]
[EventCountry "BRA"]
[EventCategory "2"]
[Source "lmi"]
[SourceDate "2009.02.09"]

1. d4 d5 2. Nf3 Nf6 3. e3 e6 4. Bd3 Bd6 5. O-O O-O 6. Nbd2 Nbd7 7. c3 c6 8. b3
b6 9. Bb2 Bb7 10. Qc2 Qc7 11. h3 h6 1/2-1/2

[Event "I Festival Cidade Maravilhosa"]
[Site "Rio de Janeiro BRA"]
[Date "2009.02.15"]
[Round "9.3"]
[White "Mascarenhas, Alberto Pinheiro"]
[Black "Brito, Luismar"]
[Result "0-1"]
[WhiteElo "2228"]
[BlackElo "2327"]
[PlyCount "91"]
[EventDate "2009.02.09"]
[EventType "tourn"]
[EventRounds "9"]
[EventCountry "BRA"]
[EventCategory "2"]
[Source "lmi"]
[SourceDate "2009.02.09"]

1. c4 c5 2. Nc3 Nc6 3. g3 b6 4. Bg2 Bb7 5. a3 Qc7 6. d3 e6 7. e4 Be7 8. Nge2 h5
9. h3 d6 10. Rb1 Bf6 11. Bf4 Be5 12. Be3 Nge7 13. f4 Bf6 14. b4 g6 15. e5 Nf5
16. Nb5 Qd7 17. Nxd6+ Nxd6 18. exd6 cxb4 19. axb4 Nxb4 20. Bxb7 Qxb7 21. O-O
Nc6 22. d4 O-O 23. Qd2 Rfd8 24. c5 b5 25. g4 hxg4 26. hxg4 Bg7 27. f5 exf5 28.
gxf5 Qd7 29. Rf3 Re8 30. f6 Bxf6 31. Rbf1 Bg7 32. Rxf7 Qg4+ 33. Kh2 Bxd4 34.
Nxd4 Re5 35. Nf5 Qh5+ 36. Kg1 gxf5 37. Rc7 Qg4+ 38. Kh1 Qh3+ 39. Kg1 Rxe3 40.
Qa2+ Kh8 41. Qh2 Rg8+ 42. Kh1 Ne5 43. d7 Qxh2+ 44. Kxh2 Rd3 45. Rxf5 Ng4+ 46.
Kg2 0-1

[Event "I Festival Cidade Maravilhosa"]
[Site "Rio de Janeiro BRA"]
[Date "2009.02.18"]
[Round "9.4"]
[White "Galego, Luis"]
[Black "Santos Filho, Tadeu Sousa"]
[Result "1-0"]
[WhiteElo "2494"]
[BlackElo "2092"]
[PlyCount "107"]
[EventDate "2009.02.09"]
[EventType "tourn"]
[EventRounds "9"]
[EventCountry "BRA"]
[EventCategory "2"]
[Source "lmi"]
[SourceDate "2009.02.09"]

1. e4 e6 2. d4 d5 3. exd5 exd5 4. Nf3 Bg4 5. h3 Bh5 6. c4 Nf6 7. Nc3 Bb4 8. g4
Bg6 9. Qa4+ Nc6 10. Ne5 Bxc3+ 11. bxc3 O-O 12. Nxg6 hxg6 13. Bg2 Re8+ 14. Be3
Ne4 15. cxd5 Qxd5 16. Qc2 Na5 17. O-O Nc4 18. Bf4 c6 19. Rfe1 f5 20. Re2 Re6
21. Rae1 Rae8 22. h4 b5 23. h5 Kf7 24. hxg6+ Rxg6 25. f3 Ned6 26. Rxe8 Nxe8 27.
gxf5 Rf6 28. Be5 Rh6 29. Qe4 Qd7 30. Bf4 Ned6 31. Qe2 Rf6 32. Bg5 Rxf5 33. f4
a6 34. Qh5+ Kg8 35. Bh3 Qf7 36. Qxf7+ Kxf7 37. Re7+ Kg6 38. Bxf5+ Kxf5 39. Rxg7
Ne4 40. Rc7 Nxc3 41. Rxc6 Ne2+ 42. Kf2 Nxd4 43. Rxa6 Ne6 44. Rc6 Nd4 45. Rc5+
Ke6 46. Kg3 Kd6 47. Rc8 Ke6 48. Kg4 Ne3+ 49. Kh5 Kf5 50. Rf8+ Ke4 51. Kg6 Ng4
52. Re8+ Kd5 53. f5 b4 54. Bf4 1-0

[Event "I Festival Cidade Maravilhosa"]
[Site "Rio de Janeiro BRA"]
[Date "2009.02.18"]
[Round "9.5"]
[White "Fernando, Diogo"]
[Black "Chauca, Jose"]
[Result "1-0"]
[WhiteElo "2482"]
[BlackElo "2173"]
[PlyCount "93"]
[EventDate "2009.02.09"]
[EventType "tourn"]
[EventRounds "9"]
[EventCountry "BRA"]
[EventCategory "2"]
[Source "lmi"]
[SourceDate "2009.02.09"]

1. e4 c5 2. Nf3 d6 3. d4 cxd4 4. Nxd4 Nf6 5. Nc3 e6 6. Be3 a6 7. f3 Qc7 8. Qd2
Be7 9. g4 h6 10. O-O-O Nbd7 11. h4 Ne5 12. Qg2 g6 13. Kb1 Bd7 14. Nb3 b5 15.
Bd4 Bc6 16. a3 Rh7 17. Be2 Bb7 18. Qf2 Nfd7 19. g5 Nc5 20. f4 Nxe4 21. Nxe4
Bxe4 22. fxe5 Bxh1 23. exd6 Bxd6 24. Rxh1 hxg5 25. h5 Rc8 26. Ka2 gxh5 27. Bd3
f5 28. Re1 Re7 29. Qf3 g4 30. Qh1 Kd7 31. Qxh5 Rf8 32. Rd1 Kc8 33. Qh6 Rfe8 34.
Qh1 Kb8 35. Bc3 Rh7 36. Qf1 Rc8 37. Ba5 Qc6 38. Qe2 Bh2 39. Bc3 Bc7 40. a4 bxa4
41. Nd4 Qd5+ 42. Bc4 Qd6 43. Bxa6 Rch8 44. Qb5+ Qb6 45. Nc6+ Ka8 46. Qxa4 Rh1
47. Bc8+ 1-0